| 000 | 003480000a22001450004500 | ||
|---|---|---|---|
| 003 | MACL | ||
| 040 | _aMACL | ||
| 090 |
_c2714 _d2714 |
||
| 100 | _aVashishth, C.P, | ||
| 245 | _aNew Horizons in Library and Information Science | ||
| 260 |
_bT.R. Publications _c1994 |
||
| 350 | _a425 | ||
| 650 | _aLibrary And Information Science | ||
| 942 |
_cBOOK _k020 |
||
| 999 |
_c2695 _d2695 |
||